ბათუმის შოთა რუსთაველის სახელმწიფო უნივერსიტეტის ბიბლიოთეკა

მიწათმოქმედება აგროქიმიის საფუძვლებით : (ბიბ.ჩანაწერი № 61080)

000 -ლიდერი
ფიქსირებული სიგრძის საკონტროლო ველი 01114nam a22002177a 4500
003 - საკონტროლო ნომრის იდენტიფიკატორი
საკონტროლო ველი Ge_BSU
005 - ბოლო ოპერაციის თარიღი და დრო
საკონტროლო ველი 20231214172855.0
008 - ფიქსირებული სიგრძის მონაცემთა ელემენტები - ზოგადი ინფორმაცია
ფიქსირებული სიგრძის საკონტროლო ველი 231214s2015 ge ||||| |||| 00| 0 geo d
020 ## - წიგნის საერთაშორისო სტანდარტული ნომერი
International Standard Book Number 9789941432903
041 ## - ენის კოდი
Language code of text/sound track or separate title geo
080 ## - უნივერსალური ათობითი კლასიფიკაციის ინდექსი
Universal Decimal Classification number 631.5(042.4) კ-39
100 ## - მთავარი ჩანაწერი - პიროვნების სახელი
Personal name კელენჯერიძე, ნინო
9 (RLIN) 11838
245 ## - ცნობა სათაურის შესახებ
Title მიწათმოქმედება აგროქიმიის საფუძვლებით :
Remainder of title (სალექციო კურსი) /
Statement of responsibility, etc ნინო კელენჯერიძე ; რედაქტორი ნელი კელენჯერიძე.
264 ## - წარმოების, გამოცემის, დისტრიბუციის და სხვა ცნობები
გამოცემის, წარმოების, დისტრიბუციის... ადგილი ქუთაისი :
გამოცემის, წარმოების, დისტრიბუციის... სახელწოდება აკაკი წერეთლის სახელმწ. უნ-ტის გამ-ბა,
გამოცემის, წარმოების, დისტრიბუციის... თარიღი 2015.
300 ## - ფიზიკური აღწერა
Extent 216 გვ. ;
Other physical details 20 სმ.
504 ## - BIBLIOGRAPHY, ETC. NOTE
Bibliography, etc ბიბლიოგრაფია: გვ. 212.
653 ## - INDEX TERM--UNCONTROLLED
Uncontrolled term მიწათმოქმედება
653 ## - INDEX TERM--UNCONTROLLED
Uncontrolled term აგროქიმია
700 ## - ADDED ENTRY--PERSONAL NAME
Personal name კელენჯერიძე, ნელი
Relator term რედაქტორი
9 (RLIN) 20747
942 ## - ADDED ENTRY ELEMENTS (KOHA)
Source of classification or shelving scheme
Koha item type წიგნი
ეგზემპლარები
ჩამოწერის სტატუსი დაკარგული ეგზემპლარის სტატუსი კლასიფიკაციის წყარო ან თაროზე გაწყობის სქემა დაზიანების სტატუსი არ გაიცემა მუდმივი მდებარეობა (დაცვის ადგილი) ამჟამინდელი ადგილსამყოფელი თაროზე განთავსების ადგილი შეძენის თარიღი ღირებულება, შესყიდვის ნორმალური ფასი სრული შენახვის შიფრი შტრიხკოდი ბოლო ოპერაციის თარიღი ეგზემპლარის მიმდევრობითი ნომერი (კეტერი?) ფასის ძალაში შესვლის თარიღი ეგზემპლარის სახეობა საჯარო შენიშვნა
          ბათუმის შოთა რუსთაველის სახელმწიფო უნივერსიტეტის მთავარი ბიბლიოთეკა ბათუმის შოთა რუსთაველის სახელმწიფო უნივერსიტეტის მთავარი ბიბლიოთეკა წიგნსაცავი 2023-12-14 10.00 631.5(042.4) კ-39 66974 2023-12-14 66974 2023-12-14 წიგნი 10 ლ.